000 00775nam a2200217Ia 4500
005 20241129105918.0
008 241129s9999||||xx |||||||||||||| ||und||
020 _a978-93-94902-73-2
037 _aTB
040 _aARTS
_bhin
_cARTS
041 _ahin
_2hin
084 _aO152,3M80:g R2
_qARTS
100 _aनरवणे, विश्वनाथ एस., ले.
_9726646
245 0 _aप्रेमचन्द: जीवन और सृजन
_cनरवणे, विश्वनाथ एस., ले.
260 _aनई दिल्ली, भारत
_bराजकमल प्रकाशन
_c2022
300 _a302पृ0
365 _aINR
_b995
650 _aHindi Fiction
942 _cTB
_hO152,3M80:g R2
999 _c1226550
_d1226550